| Tag |
First Indicator |
Second Indicator |
Subfields |
| LEADER |
00000cam a2200000 a 4500 |
| 001 |
in00002767539 |
| 005 |
20171028064033.0 |
| 008 |
111116s2012 nyu b 001 0deng |
| 010 |
|
|
|a 2011046331
|
| 020 |
|
|
|a 9780670023769
|
| 020 |
|
|
|a 0670023760
|
| 035 |
|
|
|a (OCoLC)ocn759911160
|
| 040 |
|
|
|a DLC
|c DLC
|d UtOrBLW
|
| 043 |
|
|
|a n-us---
|
| 049 |
|
|
|a TXAM
|
| 050 |
0 |
0 |
|a E907
|b .M325 2012
|
| 082 |
0 |
0 |
|a 973.932092
|2 23
|
| 100 |
1 |
|
|a Mann, Jim,
|d 1946-
|
| 245 |
1 |
4 |
|a The Obamians :
|b the struggle inside the White House to redefine American power /
|c James Mann.
|
| 264 |
|
1 |
|a New York :
|b Viking,
|c 2012.
|
| 300 |
|
|
|a xx, 392 pages, 16 unnumbered pages of plates :
|b illustrations ;
|c 24 cm.
|
| 336 |
|
|
|a text
|b txt
|2 rdacontent
|
| 337 |
|
|
|a unmediated
|b n
|2 rdamedia
|
| 338 |
|
|
|a volume
|b nc
|2 rdacarrier
|
| 504 |
|
|
|a Includes bibliographical references and index.
|
| 505 |
0 |
|
|a Prologue -- "A Look I Recognized" -- "I'm Running Out of Demons" -- Democrats In Exile -- The Trout Fishers -- The Obamians -- "Join Us" -- The Campaign: "Kill Terrorists Around the World" -- CIA and the "Aw, Shit!" Campaign -- Afghanistan, the Second COIN -- "It's Not Like This Ghost in His Head" -- The Speeches: "Evil Does Exist" -- The Scowcroft Democrats -- No Roosevelt, No Churchill, No Brandy -- "Iran, Iran, Iran and Iran" -- The Outsiders -- "Just Richard Being Richard" -- Hillary Clinton's Miracle Speech -- "Now Means Yesterday" -- "We Are All Democrats Now" -- Libya : To Fly -- "Fight Your Way Out?" -- Conclusion.
|
| 520 |
|
|
|a An analysis of the events, ideas, and conflicts that have defined the Obama administration's foreign policy explores the struggles to enact coherent and effective policies at a time of global turmoil.
|
| 651 |
|
0 |
|a United States
|x Foreign relations
|y 2009-2017.
|
| 651 |
|
0 |
|a United States
|x Military policy.
|
| 651 |
|
0 |
|a United States
|x Politics and government
|y 2009-2017.
|
| 600 |
1 |
0 |
|a Obama, Barack.
|
| 600 |
1 |
0 |
|a Obama, Barack
|x Political and social views.
|
| 600 |
1 |
0 |
|a Obama, Barack
|x Friends and associates.
|
| 650 |
|
0 |
|a Power (Social sciences)
|z United States
|x History
|y 21st century.
|
| 610 |
2 |
0 |
|a Democratic Party (U.S.)
|x History
|y 21st century.
|
| 650 |
|
0 |
|a Presidents
|z United States
|v Biography.
|
| 650 |
|
0 |
|a Politicians
|z United States
|v Biography.
|
| 945 |
|
|
|a PromptCat
|
| 946 |
|
|
|a stk
|
| 947 |
|
|
|a A14835896213
|
| 948 |
|
|
|a cataloged
|b h
|c 2012/7/18
|d c
|e dmitchel
|f 8:00:00 am
|
| 994 |
|
|
|a 92
|b TXA
|
| 999 |
|
|
|a MARS
|
| 999 |
f |
f |
|s 066f4651-7507-3636-bf8f-cc7e63a22fc6
|i 77ebc199-f6a6-3c95-ac64-1d97834f1556
|t 0
|
| 952 |
f |
f |
|p ric
|a Texas A&M University
|b Rellis Campus
|c Joint Library Facility
|s JLF
|d Remote Storage
|t 0
|e E907 .M325 2012
|h Library of Congress classification
|i unmediated -- volume
|m A14835896213
|
| 952 |
f |
f |
|p 120_day
|a Texas A&M University
|b College Station
|c Business Library & Collaboration Commons
|s blcc stk
|d West Campus Library: Stacks
|t 0
|e E907 .M325 2012
|h Library of Congress classification
|i unmediated -- volume
|m A14838082481
|
| 998 |
f |
f |
|a E907 .M325 2012
|t 0
|l Remote Storage
|
| 998 |
f |
f |
|a E907 .M325 2012
|t 0
|l West Campus Library: Stacks
|